Nghiên cứu một số đặc điểm khoa học sinh thái học của ếch Nam Mỹ (Rana catesbeiana) trong điều kiện nuôi tại Hòa Khương, Hòa Vang, Đà Nẵng
Tổng quan nghiên cứu ếch. Tổng quan về điều kiện tự nhiên, kinh tế - xã hội ở huyện Hòa Vang, TP Đà Nẵng. Từ đó đưa ra đối tượng, địa điểm, thời gian và phương pháp nghiên cứu nuôi ếch ở Hòa Khương, Hòa Vang, Đà Nẵng
में बचाया:
| मुख्य लेखक: | |
|---|---|
| अन्य लेखक: | |
| स्वरूप: | पुस्तक |
| भाषा: | Vietnamese |
| प्रकाशित: |
Đại học Đà Nẵng
Trường Đại học Sư Phạm
2011
|
| श्रृंखला: | Luận văn thạc sỹ khoa học. Chuyên ngành: Sinh thái học. MS: 60.42.60
|
| विषय: | |
| टैग : |
टैग जोड़ें
कोई टैग नहीं, इस रिकॉर्ड को टैग करने वाले पहले व्यक्ति बनें!
|
| Thư viện lưu trữ: | Mạng thư viện Đại học Đà Nẵng |
|---|
| LEADER | 01676nam a2200337 4500 | ||
|---|---|---|---|
| 001 | 000011709 | ||
| 003 | 7976 | ||
| 005 | 20120208140237.0 | ||
| 008 | 120208s2011 viesd | ||
| 041 | |a vie | ||
| 072 | |a Luận văn thạc sỹ khoa học | ||
| 082 | |a 597.8 |b QU-A | ||
| 100 | |a Quàng, Hòa An | ||
| 245 | |a Nghiên cứu một số đặc điểm khoa học sinh thái học của ếch Nam Mỹ (Rana catesbeiana) trong điều kiện nuôi tại Hòa Khương, Hòa Vang, Đà Nẵng |c Quàng, Hòa An | ||
| 260 | |a Đại học Đà Nẵng |b Trường Đại học Sư Phạm |c 2011 | ||
| 300 | |a 80 tr. |b Tóm tăt, CD, Phụ lục |c 29 cm | ||
| 490 | |a Luận văn thạc sỹ khoa học. Chuyên ngành: Sinh thái học. MS: 60.42.60 | ||
| 500 | |a Tham khảo phụ lục trang 78 | ||
| 520 | |a Tổng quan nghiên cứu ếch. Tổng quan về điều kiện tự nhiên, kinh tế - xã hội ở huyện Hòa Vang, TP Đà Nẵng. Từ đó đưa ra đối tượng, địa điểm, thời gian và phương pháp nghiên cứu nuôi ếch ở Hòa Khương, Hòa Vang, Đà Nẵng | ||
| 653 | |a ếch Nam Mỹ | ||
| 700 | |a Đinh Thị Phương Anh |c PGS.TS |e Hướng dẫn | ||
| OWN | |a LSP | ||
| AVA | |a UDN50 |b LSP |d 597.8 QU-A |e available |t Error 5001 Not defined in file expand_doc_bib_avail. |f 1 |g 0 |h N |i 0 |k 1 | ||
| 999 | |a From the UDN01 | ||
| AVA | |a UDN50 |b LSP |d 597.8 QU-A |e available |t Error 5001 Not defined in file expand_doc_bib_avail. |f 1 |g 0 |h N |i 0 |k 1 | ||
| TYP | |a Monograph | ||
| TYP | |a Printed language | ||
| 980 | |a Mạng thư viện Đại học Đà Nẵng | ||